Historia del tango y su precepción literaria en la novela El Tango de la Guardia Vieja bakalárska práca

Saved in:
Bibliographic Details
Main Author: Mandúchová, Alica
Corporate Author: Fakulta aplikovaných jazykov EU v Bratislave. Katedra románskych a slovanských jazykov
Other Authors: Tužinská, Sofia, 1973-
Format: Book
Language:Spanish
Published: Bratislava 2025
Tags: Add Tag
No Tags, Be the first to tag this record!

MARC

LEADER 00000nbm a2200000 4500
001 0308981
005 20260302094601.0
041 0 |a spa 
044 |a SK 
245 1 0 |a Historia del tango y su precepción literaria en la novela El Tango de la Guardia Vieja  |b bakalárska práca  |c Alica Mandúchová ; školiteľ: Sofia Tužinská 
264 1 |a Bratislava  |c 2025 
300 |a 44 s. 
100 1 |a Mandúchová, Alica 
700 1 |a Tužinská, Sofia, 1973- 
710 2 |a Fakulta aplikovaných jazykov EU v Bratislave. Katedra románskych a slovanských jazykov